| 000 | 00480nam a2200169Ia 4500 | ||
|---|---|---|---|
| 005 | 20250508153348.0 | ||
| 008 | 008 250505s9999 xx 000 0 eng d | ||
| 037 | _aBooks to be hide in OPAC | ||
| 040 |
_aFEDL _beng _cFEDL |
||
| 041 |
_aeng _2eng |
||
| 084 |
_a344.07913, SOL/O _qFEDL |
||
| 100 |
_aSoloman Ben _9763772 |
||
| 245 | 0 | _aJuvenile delinquency practical prevention | |
| 300 | _a95p. | ||
| 942 |
_cHB _h344.07913, SOL/O |
||
| 999 |
_c1342298 _d1342298 |
||